| 000 | 00790nam a22002177a 4500 | ||
|---|---|---|---|
| 999 |
_c143566 _d143566 |
||
| 005 | 20191211171812.0 | ||
| 010 | _aENG-119892 B-731132 | ||
| 020 |
_c495.00 _a9788183641074 |
||
| 035 | _aEN-103424 | ||
| 035 | _aB-731132 | ||
| 037 |
_bDBAD/PUB _adpl |
||
| 082 | _a338.10054 | ||
| 100 | _aThanga, James L.T | ||
| 245 |
_aMarketing of agriculture and allied commodities in North East India / _cby James L.T. Thanga |
||
| 260 |
_bAnshah Publishing House _c2016 _aDelhi |
||
| 270 |
_aLG, Pankaj Central Market, I.P. Ext., Patparganj, _bDelhi _e110092 |
||
| 300 |
_a128p _c21cm(Hb) |
||
| 500 | _aInclude Bibliographical reference and Index | ||
| 942 |
_2ddc _cEN _h338.10054 _mTHA |
||